000 00561nam a22001937a 4500
008 151012b xxu||||| |||| 00| 0 eng d
020 _a9780716752158
020 _a0716752158
041 0 _aeng
080 _a159.9
100 1 _aSchacter, Daniel L.
245 1 0 _aPsychology /
_cDaniel L. Schacter, Daniel T. Gilbert, Daniel M. Wegner.
260 _aNew York :
_bWorth Publishers,
_c2009.
300 _axxxii, 663, [99] f. :
_bme il.;
_c26 cm.
650 0 _aPsikologji
700 1 _aGilbert, Daniel Todd.
700 1 _aWegner, Daniel M.,
942 _2udc
_cBK
999 _c1256
_d1256